| 000 | 02276nam0a2200433 i 4500 | ||
|---|---|---|---|
| 001 | RU\NLR\BIBL_A\010196431 | ||
| 005 | 20260406005930.0 | ||
| 010 |
_a9785317045340 _9100 |
||
| 021 |
_aRU _b2013-107161 _97440 |
||
| 035 | _a(NILC)RuMoRGB-006723396 | ||
| 035 | _a(NLR Aleph) 010196431 | ||
| 090 |
_a10224178 _c10224178 |
||
| 100 | _a20140228d2013 k y0rusy50 ca | ||
| 101 | 0 | _arus | |
| 102 | _aRU | ||
| 105 | _aa|||z||||||y| | ||
| 200 | 1 |
_aРесурсный потенциал техногенных образований россыпных месторождений золота _dResource potential of gold placers' technogenic formations _eмонография _fГ. С. Мирзеханов, З. Г. Мирзеханова _gМ-во образования и науки Российской Федерации, Камчатский гос. ун-т им. Витуса Беринга _zeng |
|
| 210 |
_aМосква _cМАКС Пресс _d2013 |
||
| 215 |
_a285 с. _cил. _d20 |
||
| 300 | _aАвт. также на англ. яз.: G.S. Mirzekhanov, Z.G. Mirzekhanova | ||
| 320 | _aБиблиогр.: с. 257-284 | ||
| 510 | 1 |
_6z45790 _aResource potential of gold placers' technogenic formations _zeng |
|
| 606 | 1 |
_aЗолотые россыпи техногенные _xОценка _92206968 _3RU\NLR\AUTH\6601560267 |
|
| 606 | 1 |
_aЗолото _xИзвлечение из шлихов _92070768 _3RU\NLR\AUTH\661245505 |
|
| 610 | 0 | _aповторная отработка золотых россыпей | |
| 610 | 0 | _aтехногенные месторождения золота | |
| 675 | _a553.411 | ||
| 686 | 1 | _aД451.41-022.5 | |
| 686 | 1 | _aК344.15 | |
| 700 | 1 |
_7ca _8rus _aМирзеханов _bГ. С. _f1954- _gГаджи Сиражудинович _9138982 _3RU\NLR\AUTH\770139017 |
|
| 701 | 1 |
_8rus _7ca _aМирзеханова _bЗ. Г. _gЗоя Гавриловна _3RU\NLR\AUTH\77115393 _998318 |
|
| 790 | 1 |
_7ba _8rus _aMirzechanov _bG. S. _f1954- _gGadži Siražudinovič _9138984 _3RU\NLR\AUTH\770139019 |
|
| 790 | 1 |
_8rus _7ba _aMirzechanova _bZ. G. _gZoja Gavrilovna _3RU\NLR\AUTH\77115394 _998319 |
|
| 801 | 0 |
_aRU _bRuMoRKP _c20140113 _gRCR |
|
| 801 | 2 |
_aRU _bРГБ _c20140205 _grcr |
|
| 942 | _cBOOK | ||
| 980 | _aNBR | ||